Κατάλογος Βιβλιοθηκών Mediterranean College

Little book of Yves Saint Laurent : (Record no. 9967)

MARC details
000 -LEADER
fixed length control field 01654nam a22002657a 4500
003 - ΤΑΥΤΟΤΗΤΑ ΤΟΥ ΑΡΙΘΜΟΥ ΕΛΕΓΧΟΥ
Πεδίο ελέγχου GR-AtMCL
005 - ΗΜΕΡΟΜΗΝΙΑ ΚΑΙ ΩΡΑ ΤΕΛΕΥΤΑΙΑΣ ΕΝΗΜΕΡΩΣΗΣ
Πεδίο ελέγχου 20251127150333.0
006 - FIXED-LENGTH DATA ELEMENTS--ADDITIONAL MATERIAL CHARACTERISTICS
Πεδίο ελέγχου σταθερού μήκους a|||||r|||||||||||
008 - FIXED-LENGTH DATA ELEMENTS--GENERAL INFORMATION
Πεδίο ελέγχου σταθερού μήκους 201201t20212021enka b 001 0deng d
020 ## - ISBN
ISBN 9781787395541
040 ## - ΠΗΓΗ ΚΑΤΑΛΟΓΟΓΡΑΦΗΣΗΣ
Φορέας πρωτότυπης καταλογογράφησης MC Athens Campus Library
Γλώσσα καταλογογράφησης Αγγλικά
Modifying agency MC Athens Campus Library
Κανόνες περιγραφικής καταλογογράφησης AACR2
100 ## - MAIN ENTRY--PERSONAL NAME
Personal name Baxter-Wright, Emma
9 (RLIN) 10162
245 10 - ΤΙΤΛΟΣ ΚΑΙ ΔΗΛΩΣΗ ΥΠΕΥΘΥΝΟΤΗΤΑΣ
Τίτλος Little book of Yves Saint Laurent :
Remainder of title the story of the iconic fashion designer /
Statement of responsibility, etc. Emma Baxter-Wright.
246 30 - VARYING FORM OF TITLE
Title proper/short title Yves Saint Laurent
264 #1 - PRODUCTION, PUBLICATION, DISTRIBUTION, MANUFACTURE, AND COPYRIGHT NOTICE
Place of production, publication, distribution, manufacture London :
Name of producer, publisher, distributor, manufacturer Welbeck,
Date of production, publication, distribution, manufacture, or copyright notice 2021.
300 ## - PHYSICAL DESCRIPTION
Extent 160 p :
Other physical details illustrations (black and white, and colour) ;
Διαστάσεις 19 cm
490 0# - SERIES STATEMENT
Δήλωση σειράς Little guides to style collection
504 ## - ΣΗΜΕΙΩΣΗ ΒΙΒΛΙΟΓΡΑΦΙΑΣ κλπ.
Σημείωση βιβλιογραφίας, κλπ. Includes bibliographical references and index.
520 ## - SUMMARY, ETC.
Summary, etc. An enigmatic, daring and astonishingly creative designer, Yves Saint Laurent is credited with the elevation of haute couture to fine art, turning the fashion show into a spectacle of breathtaking proportions, and revolutionizing the gendered norms of womenswear.<br/><br/>Describing Saint Laurent's beginnings in Algeria as a precocious boy making miniature garments from fabric scraps, Little Book of Yves Saint Laurent depicts, in beautiful photographs and insightful text, the designer's ascent from fashion student to the right-hand of Christian Dior. Going on to found his own fashion house in 1961, Saint Laurent created his famous 'le smoking' trouser suit, brought the leather jacket to the mainstream and astounded the fashion world with his blend of elegance and artistic drama.
650 #0 - SUBJECT ADDED ENTRY--TOPICAL TERM
Topical term or geographic name entry element Fashion designers
Geographic subdivision France.
650 #0 - SUBJECT ADDED ENTRY--TOPICAL TERM
Topical term or geographic name entry element Fashion
9 (RLIN) 9926
650 #0 - SUBJECT ADDED ENTRY--TOPICAL TERM
Topical term or geographic name entry element Fashion design
9 (RLIN) 10081
942 ## - ADDED ENTRY ELEMENTS (KOHA)
Koha item type Books
Holdings
Τύπος τεκμηρίου Βιβλιοθήκη Τρέχουσα τοποθεσία Barcode Αριθμός εισαγωγής Ημερομηνία απόκτησης Ταξιθετικό σύμβολο Αριθμός αντιτύπου Κατάσταση απόσυρσης Κατάσταση χαμένου Κατάσταση κατεστραμμένου Μη δανεισμός Σύνολο δανεισμών Ημερομηνία τελευταίας εμφάνισης Η τιμή ισχύει από
Books MC Athens Campus Library MC Athens Campus Library 9780000099716 8171 27/11/2025 746.92092 BAX 1       Συλλογή προσωπικού   27/11/2025 27/11/2025

MC Athens Campus Library
Πατησίων 94 & Κοδριγκτώνος 13, 104 34
Πελλήνης 8 & Πατησίων 107, 112 51
Τ: +30 210 8899600

MC Thessaloniki Campus Library
Ίωνος Δραγούμη 21, 54625 | Ίωνος Δραγούμη 15, 54625
Τ: +30 2310 287779 – Τ: +30 2314 440300